| 000 | 00631nam a22002057a 4500 | ||
|---|---|---|---|
| 005 | 20260311123104.0 | ||
| 008 | 260311b |||||||| |||| 00| 0 eng d | ||
| 037 | _cDSWL | ||
| 040 |
_aDSWL _cDSWL |
||
| 041 | _hHindi | ||
| 084 | _aY15(T):6.2473 Q5 | ||
| 100 |
_aरवि, राजेंद्र _91131654 |
||
| 245 | _aबालिका शिक्षा परिवहन और ज्ञान | ||
| 250 | _a1st | ||
| 260 |
_aNew Delhi, _bIDS, _c2015 |
||
| 300 | _a55p | ||
| 365 |
_aINR _b90 |
||
| 942 |
_2CC _cTEXL _hY15(T):6.2473 Q5 _n0 |
||
| 999 |
_c1715110 _d1715110 |
||